Thay đổi để thành công

Phân tích những yếu tố làm thay đổi thành công ở nhiều khía cạnh khác nhau như: Thay đổi như một bước tiến tới thành công, tự điều chỉnh để thay đổi, thời điểm và các thức đề nghị hay bắt đầu sự thay đổi, cách thức tiến hành thay đ...

Volledige beschrijving

Bewaard in:
Bibliografische gegevens
Hoofdauteur: Carnegie, Dale
Andere auteurs: Hoàng Huấn (Dịch)
Formaat: Boek
Taal:Vietnamese
Gepubliceerd in: H. Lao động 2024
Editie:Tái bản lần 4
Onderwerpen:
Tags: Voeg label toe
Geen labels, Wees de eerste die dit record labelt!
Thư viện lưu trữ: Thư viện Trường Đại học Nam Cần Thơ
LEADER 01298nam a22002297a 4500
001 NCT_4_023364
008 250630b xxu||||| |||| 00| 0 vie d
999 |c 9147  |d 9147 
020 |a 9786043607260  |c 159000 
082 0 4 |2 23rd ed.  |a 158.1  |b C289 
100 1 |a Carnegie, Dale 
245 1 0 |a Thay đổi để thành công  |c Dale Carnegie; Hoàng Huấn (dịch) 
250 |a Tái bản lần 4 
260 |a H.  |b Lao động  |c 2024 
300 |a 305 tr.  |c 21cm 
500 |a ĐTTS ghi: Tủ sách Thành công của Dale Carnegie  
520 3 |a Phân tích những yếu tố làm thay đổi thành công ở nhiều khía cạnh khác nhau như: Thay đổi như một bước tiến tới thành công, tự điều chỉnh để thay đổi, thời điểm và các thức đề nghị hay bắt đầu sự thay đổi, cách thức tiến hành thay đổi với tư cách là thành viên của nhóm...  
653 |a Tham khảo 
700 0 |a Hoàng Huấn  |e Dịch 
942 |2 ddc  |c BK 
952 |0 0  |1 0  |2 ddc  |4 0  |6 158_100000000000000_C289  |7 0  |9 31000  |a 000001  |b 000001  |d 2025-06-30  |o 158.1 C289  |p TK.05471  |r 2025-06-30  |v 159000.00  |w 2025-06-30  |y BK 
980 |a Thư viện Trường Đại học Nam Cần Thơ